|
|
|
|
| LEADER |
00000cam a2200000 i 4500 |
| 001 |
1/40396 |
| 008 |
950606s1986 gr | ||| |||| ||gre|| |
| 035 |
|
|
|a 1997
|c ΓΡΑΜΜΑΤΕΙΑ ΜΥΤΙΛΗΝΗΣ
|l 10041244
|
| 035 |
|
|
|a 1988
|b 2
|c Αγορά/Τσαφταρίδης
|
| 040 |
|
|
|a GR-MyUA
|b gre
|e AACR2
|
| 041 |
1 |
|
|a gre
|h eng
|
| 082 |
0 |
|
|a 780.9
|
| 100 |
1 |
|
|a Nettl, Bruno,
|d 1930-2020.
|
| 245 |
1 |
2 |
|a Η μουσική στους πρωτόγονους πολιτισμούς /
|c Μπρούνο Νέτλ ; μετάφραση Κώστας Γριμαλδής.
|
| 260 |
|
|
|a Αθήνα :
|b Κάλβος,
|c 1986.
|
| 300 |
|
|
|a 214 σ. ;
|c 21 εκ.
|
| 500 |
|
|
|a Τίτλος πρωτοτύπου: Music in primitive culture.
|
| 650 |
0 |
0 |
|a Ethnomusicology.
|
| 650 |
0 |
0 |
|a Music
|x History and criticism.
|
| 700 |
1 |
|
|a Γριμάλδης, Κώστας,
|e trl
|
| 852 |
|
|
|a INST
|b LESVOS
|e 19950606
|h 780.901 ΝΕΤ
|p 005100026808
|q 005100026808
|t BK
|y 0
|
| 852 |
|
|
|a INST
|b RHODES
|e 19960311
|h 780.9 NET
|p 005400003164
|q 005400003164
|t BK
|y 0
|
| 852 |
|
|
|a INST
|b RHODES
|e 20000209
|h 780.9 NET
|p 005400014025
|q 005400014025
|t BK
|y 0
|
| 852 |
|
|
|a INST
|b SAMOS
|e 19971114
|h 780.901 NET
|p 005300008597
|q 005300008597
|t BK
|y 0
|
| 901 |
|
|
|a BIBL-1997-2
|
| 909 |
|
|
|a Σ
|b 051075
|
| 909 |
|
|
|a Λ
|b 016053
|
| 909 |
|
|
|a Ρ
|b 011579
|
| 909 |
|
|
|a Ρ
|b 073553
|
| 922 |
|
|
|a 4ΔΩΡ
|b 200002
|c ΔΩΡΕΑ
|